000 00687cab a2200253 4500
001 ABS60368
008 090401t1999 xxu||||| |||| 00| 0 eng d
035 _a(Sirsi) u92245
041 _aeng
100 _aBroadbent, G.
245 4 _aThe hedge and ditch presumption revisited
260 _c1999
350 _a0
490 _aThe Conveyancer
_v(63) January/February 1999, 33-39(4)
650 _aALAN WIBBERLEY BUILDING LTD V INSLEY
650 _aBoundary disputes
_96221
650 _aCONVEYANCING
650 _aHALL V DORLING
650 _aHEDGE AND DITCH PRESUMPTION
690 _aPROPERTY LAW AND PRACTICE
700 _aCross, J.
942 _n0
948 _c22/03/1999
999 _c58491
_d58491